Statistiche per Paesi nominati nella pagina Wikipedia del Brasile

Clicka qui per fare il quiz!

Statistiche generali

  • Questo quiz è stato fatto 37 volte
  • Il punteggio medio è 21 su 24

Statistiche sulle risposte

Volte in cui viene nominatoIndizio (basato sul motivo per cui lo stato è nominato nella pagina Wikipedia)Paese% Corretto
14Paese confinanteArgentina
100%
2Paese confinanteBolivia
100%
7Uno tra gli unici due paesi sudamericani a non confinare col BrasileCile
100%
5Paese confinanteColombia
100%
2Uno tra gli unici due paesi sudamericani a non confinare col BrasileEcuador
100%
7Paese confinanteParaguay
100%
5Paese confinantePerù
100%
12Paese da cui il Brasile ottenne l'indipendenzaPortogallo
100%
6L'economia brasiliana è la seconda delle Americhe, dopo quella di questo paeseStati Uniti
100%
10Paese confinanteUruguay
100%
1Durante il mondiale di calcio del 2014, tenutosi in Brasile, la nazionale di casa subì una clamorosa sconfitta per 7-1 in semifinale contro la nazionale di questo paeseGermania
97%
2Paese confinanteGuyana
97%
2Paese confinanteSuriname
97%
4Paese confinanteVenezuela
97%
2Il Brasile punta a diventare membro permanente del consiglio di sicurezza dell'ONU, come è già questo paeseCina
93%
4Paese confinante (territorio d'oltremare)Francia
93%
1Il Brasile punta a diventare membro permanente del consiglio di sicurezza dell'ONU, come è già questo paeseRussia
87%
2Durante la Seconda Guerra Mondiale, truppe brasiliane furono inviate a combattere in questo paeseItalia
83%
1Per la crescita nel mercato africano, il Brasile ha stretto accordi con questo paeseSudafrica
83%
2Questo paese offrì protezione navale al Brasile durante le guerre napoleonicheRegno Unito
80%
1Per la crescita nel mercato asiatico, il Brasile ha stretto accordi con questo paeseIndia
73%
1Il Brasile è il terzo paese più diseguale dell'America Latina, il più diseguale è questo paeseHonduras
70%
1Da questo paese furono deportati in Brasile molti schiaviAngola
60%
1Secondo alcuni il nome del Brasile deriva da quello della mitica isola di Hy-Brasil, che si sarebbe trovata al largo delle coste di questo paeseIrlanda
33%

Distribuzione punteggi

Percentile per numero di risposta

Percentuale di utenti per punteggio

I tuoi punteggi nel tempo

Non hai fatto questo quiz